| 000 | 00720nam a2200217Ia 4500 | ||
|---|---|---|---|
| 005 | 20250701165320.0 | ||
| 008 | 008 250516s9999 xx 000 0 eng d | ||
| 020 | _a9781538154472 | ||
| 040 |
_beng _cSDCL |
||
| 041 |
_aeng _2eng |
||
| 084 | _aSI:7 R3 | ||
| 245 | 0 | _aMental health practice with LGbTQ+ children, adolescents, and emerging adults in multiple systems of care | |
| 260 |
_aLanham : _bRowman & Littlefield, _c2023. |
||
| 300 | _axx, 408p. | ||
| 490 | _aDiverse sexualities, genders, and relationships | ||
| 650 | _aApplied Psychology | ||
| 700 |
_aMagalhães, Cristina L. Ed. _9809618 |
||
| 700 |
_aSprott, Richard A. Ed. _9815133 |
||
| 700 |
_aRider, G. Nic Ed. _9815134 |
||
| 942 |
_cTEXL _2CC |
||
| 999 |
_c1429615 _d1429615 |
||